400 years of our lady of Caysasay : (Record no. 26198)
[ view plain ]
| 000 -LEADER | |
|---|---|
| fixed length control field | 00898nam a2200205 4500 |
| 008 - FIXED-LENGTH DATA ELEMENTS--GENERAL INFORMATION | |
| fixed length control field | 060314s2003 ph eng |
| 090 ## - LOCALLY ASSIGNED LC-TYPE CALL NUMBER (OCLC); LOCAL CALL NUMBER (OCLC) | |
| Classification number (OCLC) (R) ; Classification number, CALL (RLIN) (NR) | DS688.B3 |
| Local cutter number (OCLC) ; Book number/undivided call number, CALL (RLIN) | B61 |
| 100 1# - MAIN ENTRY--PERSONAL NAME | |
| Personal name | Goco, Marietta Primicias |
| 245 10 - TITLE STATEMENT | |
| Title | 400 years of our lady of Caysasay : |
| Remainder of title | a commemorative magazine December 8-9, 2003 / |
| Statement of responsibility, etc | Blessed Virgin of Caysasay Foundation Inc., Marietta Primicias-Goco, publisher. |
| 260 ## - PUBLICATION, DISTRIBUTION, ETC. (IMPRINT) | |
| Place of publication, distribution, etc | [Batangas] : |
| Name of publisher, distributor, etc | Blessed Virgin of Caysasay Foundation,Inc., |
| Date of publication, distribution, etc | c2003. |
| 300 ## - PHYSICAL DESCRIPTION | |
| Extent | 128 p. : |
| Other physical details | col. ports. |
| 600 14 - SUBJECT ADDED ENTRY--PERSONAL NAME | |
| Personal name | Goddess Ma-cho |
| 600 14 - SUBJECT ADDED ENTRY--PERSONAL NAME | |
| Personal name | Nuestra Senora de Caysasay. |
| 610 24 - SUBJECT ADDED ENTRY--CORPORATE NAME | |
| Corporate name or jurisdiction name as entry element | Blessed Virgin of Caysasay Foundation, Inc. |
| 650 #4 - SUBJECT ADDED ENTRY--TOPICAL TERM | |
| Topical term or geographic name as entry element | Religion |
| General subdivision | Philippines. |
| 650 #4 - SUBJECT ADDED ENTRY--TOPICAL TERM | |
| Topical term or geographic name as entry element | Saints |
| Geographic subdivision | Philippines. |
| 651 #4 - SUBJECT ADDED ENTRY--GEOGRAPHIC NAME | |
| Geographic name | Taal, Batangas (Philippines) |
| General subdivision | History. |
| 951 ## - EQUIVALENCE OR CROSS-REFERENCE-GEOGRAPHIC NAME/AREA NAME [OBSOLETE] [CAN/MARC only] | |
| General subdivision | 00032599 |
| 710 2# - ADDED ENTRY--CORPORATE NAME | |
| Corporate name or jurisdiction name as entry element | Blessed Virgin of Caysasay Foundation, Inc. (BVCFI) |
| 951 ## - EQUIVALENCE OR CROSS-REFERENCE-GEOGRAPHIC NAME/AREA NAME [OBSOLETE] [CAN/MARC only] | |
| -- | 29184 |
| -- | DS688.B3/B61 |
| -- | 070613111547296 |
| -- | 2000-12-21 |
| -- | SP-C FIL |
| Withdrawn status | Lost status | Damaged status | Not for loan | Home library | Current library | Shelving location | Date acquired | Accession number | Shelving control number | Total Checkouts | Full call number | Barcode | Date last seen | Price effective from | Koha item type |
|---|---|---|---|---|---|---|---|---|---|---|---|---|---|---|---|
| BSOP Library | BSOP Library | Special Collections Filipiniana | 12/21/2000 | 29184 | 127 | DS688.B3/B61 | 00032599 | 02/23/2013 | 02/23/2013 | Books |
